000 00719nam a2200229 i 4500
001 70716
003 ES-MaACL
005 20230906170910.0
007 t|
008 040802s1985 ve ||||1| spa d
020 _a980-01-0043-1
080 _a821.134.2(87)-32"19"
100 1 _aGarmendia, Julio.
_955580
245 1 3 _aLa tienda de muñecos
_b; La tuna de oro : cuentos /
_cJulio Garmendia ; [presentación, Humberto Mata ; ilustraciones, Claudia Leal].
250 _a1ª ed.
260 _aCaracas :
_bMonte Avila,
_c1985.
300 _a190 p. :
_bil. ;
_c24 cm.
700 1 _aMata, Humberto.
_978881
700 1 _aLeal, Claudia.
_970963
740 3 _aLa tuna de oro.
852 _aES-MaACL
_jL-11005
_bR.113007
999 _c70716
_d70716